000
00180nam a2200073Ia 4500
008
170617s9999 xx 000 0 und d
100
_a
Conn/Stumpt
245
0
_a
Outlines of Biochemistry 5/e
260
_b
Narosa. Pub
999
_c
14746
_d
14746